North American Mammals - Statistics

General Stats
  • This quiz has been taken 28 times
  • The average score is 63 of 108
Answer Stats
Picture Answer % Correct
Bobcat
100%
Jaguar
100%
North American Beaver
100%
American Bison
94%
American Black Bear
94%
Arctic Fox
94%
Brown Bear
94%
Common Bottlenose Dolphin
94%
Cougar
94%
Grey Wolf
94%
Least Chipmunk
94%
Narwhal
94%
Orca
94%
Polar Bear
94%
Red Fox
94%
Walrus
94%
Wolverine
94%
American Badger
89%
Common Raccoon
89%
Coyote
89%
Elk
89%
Moose
89%
Mountain Goat
89%
Reindeer
89%
Sea Otter
89%
West Indian Manatee
89%
Woodchuck
89%
Beluga Whale
83%
Humpback Whale
83%
Muskrat
83%
Northern Elephant Seal
83%
Long Tailed Weasel
78%
North American River Otter
78%
Snowshoe Hare
78%
American Mink
72%
Black Footed Ferret
72%
Black Tailed Prairie Dog
72%
Collared Peccary
72%
Mantled Howler Monkey
72%
Muskox
72%
Ocelot
72%
Star Nosed Mole
72%
Striped Skunk
72%
Antelope Jackrabbit
67%
Baird's Tapir
67%
Bighorn Sheep
67%
Canada Lynx
67%
Eastern Cottontail
67%
Giant Anteater
67%
Grey Fox
67%
Pronghorn
67%
Red Wolf
67%
Virginia Opossum
67%
Western Spotted Skunk
67%
Fisher
61%
Grey Whale
61%
Nine Banded Armadillo
61%
Vancouver Island Marmot
61%
Vaquita Porpoise
61%
Hoffman's Two Toed Sloth
56%
Mule Deer
56%
Northern Flying Squirrel
56%
American Pika
50%
California Sea Lion
50%
North American Porcupine
50%
Black Handed Spider Monkey
44%
Cactus Mouse
44%
Guadalupe Fur Seal
44%
American Marten
39%
Central American Squirrel Monkey
39%
Dall Sheep
39%
Fox Squirrel
39%
Grey Seal
39%
Kinkajou
39%
Margay
39%
Northern Tamandua
39%
Panamanian White Faced Capuchin
39%
Ringtail
39%
Central American Agouti
33%
Giant Kangaroo Rat
33%
Jaguarundi
33%
Ribbon Seal
33%
Steller Sea Lion
33%
Swift Fox
33%
Arctic Ground Squirrel
28%
Common Minke Whale
28%
Common Opossum
28%
Common Silky Anteater
28%
Eastern Woodrat
28%
Island Fox
28%
Tayra
28%
Water Opossum
28%
White Nosed Coati
28%
Cuban Hutia
22%
Greater Grison
22%
Hispaniolan Solenodon
22%
Lowland Paca
22%
Mexican Hairy Dwarf Porcupine
22%
Northern Naked Tailed Armadillo
22%
Northern Olingo
22%
Pygmy Three Toed Sloth
22%
Brown Throated Sloth
17%
Central American Red Brocket
17%
Mountain Beaver
17%
Variegated Squirrel
17%
Armoured Rat
11%
Jamaican Coney
6%
Mexican Mouse Opossum
6%
No matching quizzes found
Score Distribution
Percent of People with Each Score
Percentile by Number Answered
Your Score History
You have not taken this quiz